00585nam a22001937a 45000050016000000100014000160200025000300350013000550370013000680820015000811000021000962450056001172600033001732700090002063000022002966500035003186500020003536500018003732010081008168.0 aENG-99228 a9789380236056c90.00 aEN-82760 bDBAD/PUB a331.880954 aBanu, N. Dhahira aTrade union movement in India /cby N. Dhahira Banu aThanjavur bPrintmagicc2009 a2, First Floor, Guru Complex, Rajappa Nagar, Medical College RoadbThanjavur e613007 a140p.c20cm (pbk) aAll India trade union congress aLabour mevement aLabour unions